| 000 | 01229nam a2200349 i 4500 | ||
|---|---|---|---|
| 001 | 194825 | ||
| 003 | SpMaBN | ||
| 005 | 20250724063439.0 | ||
| 007 | ta | ||
| 008 | 240517s1943 sp | |||| 000 j spa | ||
| 035 | _a(OCoLC)868875967 | ||
| 035 | _aa4735602 | ||
| 040 |
_aSpMaBN _bspa _cSpMaBN _erdc _dES-MaACL |
||
| 080 | _a821.111-327"18" | ||
| 100 | 1 |
_aByron, George Gordon Byron, _cBaron, _d1788-1824 _0XX1164521 _933026 |
|
| 245 | 1 | 3 |
_aEl sitio de Corinto / _cLord Byron. |
| 260 |
_aMadrid : _b[Dédalo], _c1943. |
||
| 300 |
_a16 p. ; _c29 cm |
||
| 336 |
_2rdacontent _atexto |
||
| 337 |
_2rdamedia _asin mediación |
||
| 338 |
_2rdacarrier _avolumen |
||
| 490 | 1 | _aNovelas y cuentos | |
| 500 | _aIncluye otras obras del autor | ||
| 773 |
_0194742 _9202381 _gG-15981 _aObras encuadernadas juntas |
||
| 830 |
_9236505 _aNovelas y cuentos (Dédalo) |
||
| 852 |
_aES-MaACL _cDEPO2 _jG-15981(12) _hLegado: Juan Antonio Porto _9202381 _xEncuadernado con otras obras formando un volumen facticio. |
||
| 903 |
_993285 _aPorto, Juan Antonio, _q1 _d1937-2021 _ednr |
||
| 942 |
_n0 _cMONOGRAFIA |
||
| 999 |
_c194825 _d194825 |
||